| 000 | 01160cam a2200325 a 4500 | ||
|---|---|---|---|
| 001 | 2438804 | ||
| 003 | OSt | ||
| 005 | 20150413142056.0 | ||
| 008 | 890110s1989 nyua b 001 0 eng | ||
| 010 | _a 88036231 | ||
| 020 | _a0195076036 | ||
| 040 |
_aDLC _cDLC _dDLC |
||
| 043 | _aa-ko--- | ||
| 050 | 0 | 0 |
_aHC467 _b.A629 1989 |
| 082 | 0 | 0 |
_a338.095195 _219 _bAMS 1989 |
| 100 | 1 |
_aAmsden, Alice H. _q(Alice Hoffenberg) _93713 |
|
| 245 | 1 | 0 |
_aAsia's next giant : _bSouth Korea and late industrialization / _cAlice H. Amsden. |
| 260 |
_aNew York : _bOxford University Press, _c1989. |
||
| 300 |
_axvi, 379 p. : _bill. ; _c24 cm. |
||
| 500 | _aIncludes indexes. | ||
| 504 | _aBibliography: p. 331-352. | ||
| 650 | 0 |
_aIndustries _zKorea (South) _93714 |
|
| 650 | 0 |
_aIndustrial policy _zKorea (South) _93715 |
|
| 651 | 0 |
_aKorea (South) _xEconomic conditions _y1960-1988. _93716 |
|
| 651 | 0 |
_aKorea (South) _xEconomic policy _y1960-1988. _93717 |
|
| 856 | 4 | 2 |
_3Publisher description _uhttp://www.loc.gov/catdir/enhancements/fy0640/88036231-d.html |
| 906 |
_a7 _bcbc _corignew _d1 _eocip _f19 _gy-gencatlg |
||
| 942 |
_2ddc _cSLOAN |
||
| 999 |
_c1408 _d1408 |
||